MUJIN GI HANG (Record no. 1320241)

MARC details
000 -LEADER
fixed length control field 00516nam a2200193Ia 4500
005 - DATE AND TIME OF LATEST TRANSACTION
control field 20250507130440.0
008 - FIXED-LENGTH DATA ELEMENTS--GENERAL INFORMATION
fixed length control field 008 250505s9999 xx 000 0 chi d
020 ## - INTERNATIONAL STANDARD BOOK NUMBER
International Standard Book Number 890804313603810
037 ## - SOURCE OF ACQUISITION
Stock number Annuals, Advances
040 ## - CATALOGING SOURCE
Original cataloging agency EASL
Language of cataloging eng
Transcribing agency EASL
041 ## - LANGUAGE CODE
Language code of text/sound track or separate title chi
Source of code eng
084 ## - COLON CLASSIFICATION NUMBER
Classification number 0495, P4;1
Assigning agency EASL
100 ## - MAIN ENTRY--PERSONAL NAME
Personal name Seung Ok Kim
245 #0 - TITLE STATEMENT
Title MUJIN GI HANG
260 ## - PUBLICATION, DISTRIBUTION, ETC.
Place of publication, distribution, etc. South Korea
Name of publisher, distributor, etc. SEOUL KOREA
Date of publication, distribution, etc. 2004
300 ## - PHYSICAL DESCRIPTION
Extent 157
942 ## - ADDED ENTRY ELEMENTS (KOHA)
Koha item type Textual
Classification part 0495, P4;1

No items available.

Copyright @ Delhi University Library System